Tìm hiểu ảnh hưởng của quá trình đô thị hóa đến sự biến đổi cơ cấu dân số thành phố Đà Nẵng. Định hướng phát triển không gian đô thị đến năm 2010

Cơ sở lí luận chung. Ảnh hưởng của quá trình đô thị hóa đến sự biến đổi cơ cấu dân số thành phố Đà Nẵng.

Gorde:
Xehetasun bibliografikoak
Egile nagusia: Nguyễn, Phương Lam
Beste egile batzuk: Nguyễn, Thị Mây Th.S (Hướng dẫn)
Formatua: Liburua
Hizkuntza:Vietnamese
Argitaratua: Đại học Đà Nẵng Trường Đại học Sư phạm 2008
Saila:Khóa luận tốt nghiệp Đại học. Chuyên ngành: Cử nhân Địa lý
Gaiak:
Etiketak: Etiketa erantsi
Etiketarik gabe, Izan zaitez lehena erregistro honi etiketa jartzen!
Thư viện lưu trữ: Mạng thư viện Đại học Đà Nẵng
LEADER 01620nam a2200349 4500
001 000011238
003 7472
005 20120206160232.0
008 120202s2008 viesd
041 |a vie 
072 |a Khóa luận tốt nghiệp 
082 |a 307.76  |b NG-L 
100 1 |a Nguyễn, Phương Lam 
245 1 |a Tìm hiểu ảnh hưởng của quá trình đô thị hóa đến sự biến đổi cơ cấu dân số thành phố Đà Nẵng. Định hướng phát triển không gian đô thị đến năm 2010  |c Nguyễn, Phương Lam 
260 |a Đại học Đà Nẵng  |b Trường Đại học Sư phạm  |c 2008 
300 |a 70 tr. [5 tr.]  |b ảnh m.họa  |c 29 cm 
490 |a Khóa luận tốt nghiệp Đại học. Chuyên ngành: Cử nhân Địa lý 
500 |a Tham khảo + phụ lục ảnh [5 tr.] 
520 |a Cơ sở lí luận chung. Ảnh hưởng của quá trình đô thị hóa đến sự biến đổi cơ cấu dân số thành phố Đà Nẵng. 
653 |a Khóa luận tốt nghiệp Đại học 
653 |a Khoa Địa lý 
700 1 |a Nguyễn, Thị Mây  |c Th.S  |e Hướng dẫn 
OWN |a LSP 
AVA |a UDN50  |b LSP  |d 307.76 NG-L  |e available  |t Error 5001 Not defined in file expand_doc_bib_avail.  |f 1  |g 0  |h N  |i 0  |k 1 
999 |a From the UDN01 
AVA |a UDN50  |b LSP  |d 307.76 NG-L  |e available  |t Error 5001 Not defined in file expand_doc_bib_avail.  |f 1  |g 0  |h N  |i 0  |k 1 
TYP |a Monograph 
TYP |a Printed language 
980 |a Mạng thư viện Đại học Đà Nẵng